000 00300nam a2200133Ia 4500
008 150301s2015 xx 000 0 und d
082 _a612.015
_bB07R
100 _aRAMBABU, K
245 _aTB OF BIOCHEMISTRY
260 _bAITBS DELHI
300 _a832
650 _aPHARMACEUTICS
942 _2ddc
_cBK
999 _c7389
_d7389